What has Eight Legs and? (Record no. 7960)
[ view plain ]
| 000 -LEADER | |
|---|---|
| fixed length control field | 00591nam a22002057a 4500 |
| 001 - CONTROL NUMBER | |
| control field | 7960 |
| 003 - CONTROL NUMBER IDENTIFIER | |
| control field | FISKH |
| 005 - DATE AND TIME OF LATEST TRANSACTION | |
| control field | 20250815103359.0 |
| 008 - FIXED-LENGTH DATA ELEMENTS--GENERAL INFORMATION | |
| fixed length control field | 250815b cb ||||| |||| 00| 0 eng d |
| 020 ## - INTERNATIONAL STANDARD BOOK NUMBER | |
| International Standard Book Number | 9781604724554 |
| 040 ## - CATALOGING SOURCE | |
| Original cataloging agency | FISKH |
| Language of cataloging | eng |
| Transcribing agency | FISKH |
| Modifying agency | FISKH |
| 050 ## - LIBRARY OF CONGRESS CALL NUMBER | |
| Classification number | QL458.4 |
| 082 ## - DEWEY DECIMAL CLASSIFICATION NUMBER | |
| Classification number | 595.4 |
| 245 ## - TITLE STATEMENT | |
| Title | What has Eight Legs and? |
| Statement of responsibility, etc. | Robertson, J. Jean |
| 300 ## - PHYSICAL DESCRIPTION | |
| Extent | 14 pages : |
| Other physical details | color illustrations ; |
| Dimensions | 16 cm |
| 505 ## - FORMATTED CONTENTS NOTE | |
| Formatted contents note | NP |
| 520 ## - SUMMARY, ETC. | |
| Summary, etc. | Spiders! This clever book teaches young children all about spiders with text and close-up photos.<br/> |
| 942 ## - ADDED ENTRY ELEMENTS (KOHA) | |
| Source of classification or shelving scheme | Dewey Decimal Classification |
| Koha item type | Books |
| Suppress in OPAC | No |
| Withdrawn status | Lost status | Source of classification or shelving scheme | Damaged status | Not for loan | Collection | Home library | Current library | Shelving location | Date acquired | Total Checkouts | Full call number | Barcode | Date last seen | Copy number | Price effective from | Koha item type |
|---|---|---|---|---|---|---|---|---|---|---|---|---|---|---|---|---|
| Dewey Decimal Classification | Juvenile Fiction | Footprints International School Library Network Toul Kork Campus | Footprints International School Library Network Toul Kork Campus | TK Primary Library Room(4th Floor), Bookcase 7, Shelves 57-60, Dark Green Books | 08/15/2025 | ROB 595.4 QL458.4 | FISTK02812 | 08/15/2025 | 1 | 08/15/2025 | Books |
